Занятость лиц пенсионного возраста; Общество и непрерывное благополучие человека

Podrobná bibliografie
Parent link:Общество и непрерывное благополучие человека.— 2014.— [С. 192-196]
Hlavní autor: Головченко Г. Я.
Korporativní autor: Национальный исследовательский Томский политехнический университет (ТПУ) Институт социально-гуманитарных технологий (ИСГТ) Кафедра экономики (ЭКОН)
Další autoři: Дукарт С. А. Сергей Александрович (научный руководитель)
Shrnutí:Заглавие с экрана
В статье описывается важность привлечения пенсионеров на рынок труда в связи с нарастающим эффектом сокращения количества трудоспособного населения. При сравнении сложившийся ситуации на рынке труда России с практикой зарубежных стран, автор делает вывод, что схема ухода на пенсию в России существенно отличается от схемы ухода на пенсию в Америке и стран Европе.
Jazyk:ruština
Vydáno: 2014
Edice:Социально-психологические модели и технологии исследования непрерывного благополучия людей в современном обществе
Témata:
On-line přístup:http://earchive.tpu.ru/handle/11683/21313
http://www.lib.tpu.ru/fulltext/c/2014/C55/046.pdf
Médium: MixedMaterials Elektronický zdroj Kapitola
KOHA link:https://koha.lib.tpu.ru/cgi-bin/koha/opac-detail.pl?biblionumber=605375

MARC

LEADER 00000naa2a2200000 4500
001 605375
005 20260226161729.0
035 |a (RuTPU)RU\TPU\conf\2660 
035 |a RU\TPU\conf\2653 
090 |a 605375 
100 |a 20140410d2014 k y0rusy50 ca 
101 0 |a rus 
102 |a RU 
135 |a drcn ---uucaa 
181 0 |a i  
182 0 |a b 
200 1 |a Занятость лиц пенсионного возраста  |f Г. Я. Головченко  |g науч. рук. С. А. Дукарт 
203 |a Текст  |c электронный 
215 |a 1 файл(318 Кб) 
225 1 |a Социально-психологические модели и технологии исследования непрерывного благополучия людей в современном обществе 
300 |a Заглавие с экрана 
320 |a [Библиогр.: с. 196 (6 назв.)] 
330 |a В статье описывается важность привлечения пенсионеров на рынок труда в связи с нарастающим эффектом сокращения количества трудоспособного населения. При сравнении сложившийся ситуации на рынке труда России с практикой зарубежных стран, автор делает вывод, что схема ухода на пенсию в России существенно отличается от схемы ухода на пенсию в Америке и стран Европе. 
337 |a Adobe Reader 
463 1 |0 (RuTPU)RU\TPU\conf\2055  |t Общество и непрерывное благополучие человека  |o сборник научных трудов Международного научного симпозиума студентов и молодых ученых, г. Томск, 27-30 марта 2014 г.  |f Национальный исследовательский Томский политехнический университет (ТПУ) ; под ред. Г. А. Барышевой и др.  |v [С. 192-196]  |d 2014 
610 1 |a электронный ресурс 
610 1 |a труды учёных ТПУ 
610 1 |a занятость 
610 1 |a пенсионный возраст 
700 1 |a Головченко  |b Г. Я. 
702 1 |a Дукарт  |b С. А.  |c экономист  |c доцент Томского политехнического университета, кандидат исторических наук  |f 1970-  |g Сергей Александрович  |4 727 
712 0 2 |a Национальный исследовательский Томский политехнический университет (ТПУ)  |b Институт социально-гуманитарных технологий (ИСГТ)  |b Кафедра экономики (ЭКОН)  |3 (RuTPU)RU\TPU\col\18375 
801 1 |a RU  |b 63413507  |c 20101016 
801 2 |a RU  |b 63413507  |c 20220407  |g RCR 
856 4 |u http://earchive.tpu.ru/handle/11683/21313 
856 4 |u http://www.lib.tpu.ru/fulltext/c/2014/C55/046.pdf 
942 |c CF